Existuje súvislosť medzi rozhodovacími stratégiami TTB, WADD a CWS indexom, alebo predikujú vaše osobné vlastnosti spôsob akým sa rozhodujete?

Uložené v:
Podrobná bibliografia
Hlavný autor: Hanák, Róbert, 1979-
Médium: Kapitola
Jazyk:English
Predmet:
Tagy: Pridať tag
Žiadne tagy, Buďte prvý, kto otaguje tento záznam!

MARC

LEADER 00000naa$a2200000$$$4500
001 0158397
005 20240502072746.9
041 0 |a eng 
044 |a SK 
245 1 0 |a Existuje súvislosť medzi rozhodovacími stratégiami TTB, WADD a CWS indexom, alebo predikujú vaše osobné vlastnosti spôsob akým sa rozhodujete?  |c Róbert Hanák 
610 2 0 |a manažéri 
610 2 0 |a rozhodovanie manažérske 
610 2 0 |a manažment personálny 
610 2 0 |a prijímanie pracovníkov 
100 1 |a Hanák, Róbert, 1979-